000 00741nam a2200217Ia 4500
003 GCL
008 140319s9999 xx 000 0 ara d
040 _aGCL /
_cGCL
082 0 4 _a811.96202009
_bم ا
100 1 _aمصرى عبدالحميد حنورة
245 1 0 _aالاسس النفسية للابداع الفنى فى الشعر المسرحى /
_cمصرى عبدالحميد حنورة
260 _a[S.N] :
_bالهيئة المصرية العامة للكتاب ،
_c1986
300 _a245 ص
490 _a
650 0 4 _aالشعر العربى
650 0 4 _aالادب العربى
650 0 4 _aالشعر المسرحى
650 0 4 _aالشعر التمثيلى
650 0 4 _aتاريخ ونقد
942 _2ddc
_cBK
999 _c28965
_d28965